000
00454nam a2200145Ia 4500
008
100122s9999 xx 000 0 und d
082
_b
53641
_a
823.08
100
_a
साने शुभदा
245
_a
मनातली गोष्ट
260
_b
सानिया पब्लिकेशन्स
_c
1997
300
_a
149
630
_a
मनातली गोष्ट
730
_a
मनातली गोष्ट
942
_c
BOOK
999
_c
430647
_d
430644